Ceramics for environmental and energy applications : (Record no. 355886)

000 -LEADER
fixed length control field 01845cam a22004217a 4500
001 - CONTROL NUMBER
control field 16847592
003 - CONTROL NUMBER IDENTIFIER
control field USPCAS-E
005 - DATE AND TIME OF LATEST TRANSACTION
control field 20180118181417.0
008 - FIXED-LENGTH DATA ELEMENTS--GENERAL INFORMATION
fixed length control field 110628s2010 njua b 101 0 eng d
010 ## - LIBRARY OF CONGRESS CONTROL NUMBER
LC control number 2011282763
020 ## - INTERNATIONAL STANDARD BOOK NUMBER
International Standard Book Number 9780470905470
020 ## - INTERNATIONAL STANDARD BOOK NUMBER
International Standard Book Number 0470905476
035 ## - SYSTEM CONTROL NUMBER
System control number (OCoLC)ocn659573136
040 ## - CATALOGING SOURCE
Original cataloging agency CAI
Transcribing agency CAI
Modifying agency YDXCP
-- CUV
-- DLC
042 ## - AUTHENTICATION CODE
Authentication code lccopycat
050 00 - LIBRARY OF CONGRESS CALL NUMBER
Classification number TP786
Item number .P33 2009
050 14 - LIBRARY OF CONGRESS CALL NUMBER
Classification number TP785 C415 v. 217
082 ## - DEWEY DECIMAL CLASSIFICATION NUMBER
Edition number 22
Classification number 620.14
Author Mark CER 2010
111 2# - MAIN ENTRY--MEETING NAME
Meeting name or jurisdiction name as entry element Pacific Rim Conference on Ceramic and Glass Technology
Number of part/section/meeting (8th :
Date of meeting 2009 :
Location of meeting Vancouver, B.C.)
245 10 - TITLE STATEMENT
Title Ceramics for environmental and energy applications :
Remainder of title a collection of papers presented at the 8th Pacific Rim Conference on Ceramic and Glass Technology, May 31-June 5, 2009, Vancouver, British Columbia /
Statement of responsibility, etc. edited by Aldo Boccaccini ... [et al.] ; volume editor, Mrityunjay Singh.
260 ## - PUBLICATION, DISTRIBUTION, ETC.
Place of publication, distribution, etc. Hoboken, N.J. :
Name of publisher, distributor, etc. Wiley,
Date of publication, distribution, etc. c2010.
300 ## - PHYSICAL DESCRIPTION
Extent xiii, 172 p. :
Other physical details ill. ;
Dimensions 25 cm.
490 1# - SERIES STATEMENT
Series statement Ceramic transactions ;
Volume/sequential designation v. 217
500 ## - GENERAL NOTE
General note "The American Ceramic Society."
502 ## - DISSERTATION NOTE
Dissertation note .
504 ## - BIBLIOGRAPHY, ETC. NOTE
Bibliography, etc. note Includes bibliographical references and index.
650 #0 - SUBJECT ADDED ENTRY--TOPICAL TERM
Topical term or geographic name entry element Ceramics
Form subdivision Congresses.
650 #0 - SUBJECT ADDED ENTRY--TOPICAL TERM
Topical term or geographic name entry element Ceramic materials
General subdivision Environmental aspects
Form subdivision Congresses.
700 1# - ADDED ENTRY--PERSONAL NAME
Personal name Boccaccini, A. R.
Fuller form of name (Aldo R.)
700 1# - ADDED ENTRY--PERSONAL NAME
Personal name Singh, M.
Fuller form of name (Mrityunjay)
710 2# - ADDED ENTRY--CORPORATE NAME
Corporate name or jurisdiction name as entry element American Ceramic Society.
830 #0 - SERIES ADDED ENTRY--UNIFORM TITLE
Uniform title Ceramic transactions ;
Volume/sequential designation v. 217.
856 42 - ELECTRONIC LOCATION AND ACCESS
Materials specified Publisher description
Uniform Resource Identifier <a href="http://www.loc.gov/catdir/enhancements/fy1114/2011282763-d.html">http://www.loc.gov/catdir/enhancements/fy1114/2011282763-d.html</a>
856 41 - ELECTRONIC LOCATION AND ACCESS
Materials specified Table of contents only
Uniform Resource Identifier <a href="http://www.loc.gov/catdir/enhancements/fy1114/2011282763-t.html">http://www.loc.gov/catdir/enhancements/fy1114/2011282763-t.html</a>
906 ## - LOCAL DATA ELEMENT F, LDF (RLIN)
a 7
b cbc
c copycat
d 2
e ncip
f 20
g y-gencatlg
942 ## - ADDED ENTRY ELEMENTS (KOHA)
Source of classification or shelving scheme
Koha item type Book
Holdings
Withdrawn status Lost status Source of classification or shelving scheme Damaged status Not for loan Collection code Permanent Location Current Location Shelving location Date acquired Source of acquisition Cost, normal purchase price Total Checkouts Full call number Barcode Date last seen Date last checked out Price effective from Koha item type
            US-Pakistan Center for Advanced Studies in Energy (USPCAS-E) US-Pakistan Center for Advanced Studies in Energy (USPCAS-E)   12/31/2015 Iqra 8988.00 1 620.14 CER 2010 CAS-E0001210 01/08/2024 11/14/2023 12/31/2015 Book
© 2023 Central Library, National University of Sciences and Technology. All Rights Reserved.